| 000 | 00477nam a2200181Ia 4500 | ||
|---|---|---|---|
| 008 | 210719s1998 xx 000 0 und d | ||
| 020 | _a8174933662 | ||
| 041 | _aeng | ||
| 082 | _a658.4 ASWO | ||
| 100 | _aASWATHAPPA (K) | ||
| 245 | _aOrganisational behaviour. Ed 4. | ||
| 250 | _a4 | ||
| 260 |
_aDelhi. _bHimalaya Publishing House _c1998 |
||
| 300 |
_ax,542 _bPB |
||
| 365 |
_b175 _cRs |
||
| 650 | _aOrganisational Behaviour | ||
| 906 | _aOrganisational Behaviour, Cases | ||
| 999 |
_c213305 _d213305 |
||